[Event "Prague Golden U18 op"]
[Site "Prague"]
[Date "2023.06.24"]
[Round "7"]
[White "Madle, Robin"]
[Black "Mikhno, Artem"]
[Result "1-0"]
[WhiteElo "1749"]
[BlackElo "1792"]
[PlyCount "79"]
[EventDate "2023.06.24"]
[EventType "swiss"]
[EventRounds "9"]
[EventCountry "CZE"]
[SourceTitle "CBM 215 Extra"]
[Source "ChessBase"]
[SourceDate "2023.09.30"]
[SourceVersion "1"]
[SourceVersionDate "2023.09.30"]
[SourceQuality "1"]

1. b3 Nf6 2. Bb2 g6 3. Bxf6 exf6 4. c4 Bg7 5. Nc3 0-0 6. g3 f5 7. Rc1 b6 8. Bg2 Nc6 9. Nf3 Bb7 10. 0-0 Ne7 11. d4 d5 12. e3 Qd6 13. Nd2 Rfd8 14. cxd5 Nxd5 15. Bxd5 Bxd5 16. Nb5 Qd7 17. Nxc7 Rac8 18. Nxd5 Qxd5 19. Qf3 Qa5 20. Rxc8 Rxc8 21. Qb7 Rf8 22. Rd1 Qxa2 23. Qc6 Qa6 24. Rc1 Qd3 25. Qc2 Qxc2 26. Rxc2 Ra8 27. Nc4 Rc8 28. Ra2 Rc7 29. Kg2 Bf8 30. Kf3 f6 31. Ke2 Kf7 32. Kd3 Ke6 33. Ra1 Bb4 34. Ra4 Be1 35. Ke2 Bc3 36. Kd3 Be1 37. Ke2 b5 38. Ra6+ Kd5 39. Rd6+ Ke4 40. f3# 1-0

[Event "CZE-chT U18 Extraliga final-B 1819"]
[Site "Czech Republic"]
[Date "2019.04.13"]
[Round "9.6"]
[White "Madle, Robin"]
[Black "Sebesta, Jan2222"]
[Result "0-1"]
[WhiteElo "1567"]
[BlackElo "1777"]
[PlyCount "122"]
[EventDate "2018.10.05"]
[EventType "team-tourn"]
[EventRounds "11"]
[EventCountry "CZE"]
[SourceTitle "EXT 2023"]
[Source "ChessBase"]
[SourceDate "2022.10.05"]
[SourceVersion "1"]
[SourceVersionDate "2022.10.05"]
[SourceQuality "1"]
[WhiteTeam "Praha Bohemians (U18)"]
[BlackTeam "Orlova Slavia (U18)"]
[WhiteTeamCountry "CZE"]
[BlackTeamCountry "CZE"]

1. e4 e5 2. Nf3 Nc6 3. d4 exd4 4. Bc4 d6 5. 0-0 Nf6 6. Bg5 Be7 7. h3 Ne5 8. Nxe5 dxe5 9. c3 dxc3 10. Nxc3 Qxd1 11. Raxd1 0-0 12. Rd2 h6 13. Bxf6 Bxf6 14. Nd5 Bd8 15. Rfd1 c6 16. Ne3 Bg5 17. Rd3 Bxe3 18. Rxe3 Be6 19. Bxe6 fxe6 20. Red3 Rf7 21. Rd7 Re8 22. f3 Kf8 23. R7d3 Rc8 24. Kf2 Ke8 25. Rd6 Re7 26. Ke3 Rcc7 27. Rd8+ Kf7 28. h4 Re8 29. R8d6 Ke7 30. g3 Rb8 31. f4 exf4+ 32. gxf4 b6 33. f5 exf5 34. exf5 Rbb7 35. Re6+ Kf7 36. Kf3 c5 37. Rg1 c4 38. Reg6 Kf8 39. f6 Rf7 40. Ke2 Rxf6 41. Rxf6+ gxf6 42. Rg6 Kf7 43. Rxh6 Kg7 44. Rh5 Rd7 45. Rb5 Rd4 46. h5 Rh4 47. Kd2 Kf7 48. Kc3 Ke6 49. Rb4 f5 50. h6 Rxh6 51. Rxc4 Ke5 52. Ra4 Rh3+ 53. Kc2 Rh2+ 54. Kc3 a5 55. b3 Re2 56. Kd3 Rg2 57. a3 Rg4 58. b4 Kd5 59. Ke3 Kc6 60. b5+ Kxb5 61. Ke2 Kxa4 0-1

[Event "CZE-chT U18 Extraliga West 1819"]
[Site "Czech Republic"]
[Date "2018.12.08"]
[Round "5.6"]
[White "Madle, Robin"]
[Black "Bartos, Vaclav2222"]
[Result "1-0"]
[WhiteElo "1567"]
[BlackElo "1627"]
[PlyCount "79"]
[EventDate "2018.10.05"]
[EventType "team-tourn"]
[EventRounds "11"]
[EventCountry "CZE"]
[SourceTitle "EXT 2023"]
[Source "ChessBase"]
[SourceDate "2022.10.05"]
[SourceVersion "1"]
[SourceVersionDate "2022.10.05"]
[SourceQuality "1"]
[WhiteTeam "Praha Bohemians (U18)"]
[BlackTeam "Ricany (U18)"]
[WhiteTeamCountry "CZE"]
[BlackTeamCountry "CZE"]

1. e4 c5 2. c3 g6 3. d4 cxd4 4. cxd4 d5 5. e5 Nc6 6. Nf3 Bg4 7. Be2 Nh6 8. Nc3 Nf5 9. 0-0 e6 10. Ng5 Bxe2 11. Nxe2 Qb6 12. Nf3 Bg7 13. h3 0-0 14. Qa4 Rfc8 15. Bd2 a5 16. Rfc1 Qa6 17. Nc3 Nb4 18. Nb5 Nc2 19. Rxc2 Rxc2 20. Qxc2 Qxb5 21. g4 Ne7 22. Qb3 Qd7 23. Rc1 b5 24. Rc5 b4 25. a3 Bf8 26. axb4 Nc6 27. Rc1 Nxb4 28. Bxb4 Bxb4 29. Ne1 Rb8 30. Nd3 Qe8 31. Nxb4 Rxb4 32. Qd3 Qb5 33. Rc8+ Kg7 34. Qf3 Rxd4 35. g5 f5 36. gxf6+ Kf7 37. Rc7+ Kf8 38. f7 Qa6 39. Qf6 Rd1+ 40. Kh2 1-0